CASE

Oboznámenie sa s oborom, metodikou a systémom CASE. Použitie diagramov pri analýze a návrhu informačného systému. Objektovo orientované metódy. CASE ako nástroj pre podporu techniky. CASE a reálny čas.

Salvato in:
Dettagli Bibliografici
Autore principale: Ryant, I.
Natura: Capitolo di libro
Lingua:ceco
Soggetti:
Tags: Aggiungi Tag
Nessun Tag, puoi essere il primo ad aggiungerne!!

MARC

LEADER 00000naa a2200000 4500
001 r023969
005 20221213083140.4
041 0 |a cze 
044 |a CZ 
245 1 0 |a CASE  |c I. Ryant 
520 |a Oboznámenie sa s oborom, metodikou a systémom CASE. Použitie diagramov pri analýze a návrhu informačného systému. Objektovo orientované metódy. CASE ako nástroj pre podporu techniky. CASE a reálny čas. 
610 2 0 |a CASE 
610 2 0 |a systémy informačné 
610 2 0 |a systémy databázové 
610 2 0 |a technika 
610 2 0 |a softvér 
100 1 |a Ryant, I.